[Event "FICS rated standard game"]
[Site "FICS freechess.org"]
[Date "2018.01.29"]
[Round "?"]
[White "Nidifugous"]
[Black "Cantabrico"]
[Result "1-0"]
[WhiteElo "1510"]
[BlackElo "1367"]
[PlyCount "99"]
[EventDate "2018.??.??"]

1. e4 e5 2. Nf3 Nc6 3. c3 Bc5 4. b4 Bb6 5. a4 a6 6. a5 Ba7 7. Qb3 d6 8. h4 Be6
9. Bc4 Bxc4 10. Qxc4 Nf6 11. Ng5 O-O 12. Qd3 h6 13. Nh3 Re8 14. Ba3 Ng4 15. Qf3
Nf6 16. d3 d5 17. Nd2 dxe4 18. Nxe4 Nxe4 19. Qxe4 Qf6 20. f3 Ne7 21. h5 c6 22.
g4 Nd5 23. c4 Nc3 24. Qf5 Qxf5 25. gxf5 Bd4 26. Rc1 f6 27. Kd2 Rab8 28. Rxc3
Bxc3+ 29. Kxc3 b6 30. axb6 Rxb6 31. Re1 Reb8 32. Nf2 a5 33. Rb1 axb4+ 34. Rxb4
Rxb4 35. Bxb4 Ra8 36. Kb2 Rb8 37. Kb3 Rd8 38. Kc3 Rc8 39. Ne4 Ra8 40. Kb2 Rb8
41. Kb3 Ra8 42. Ba3 Rb8+ 43. Ka2 Ra8 44. Nc5 Ra5 45. Ne6 Kf7 46. Nd8+ Ke8 47.
Nxc6 Ra6 48. Nb4 Rd6 49. Nd5 Ra6 50. Nc7+ {Black resigns} 1-0

[Event "FICS rated standard game"]
[Site "FICS freechess.org"]
[Date "2018.01.29"]
[Round "?"]
[White "cabo"]
[Black "RUPESHDAFTARY"]
[Result "1-0"]
[WhiteElo "1524"]
[BlackElo "1633"]
[PlyCount "117"]
[EventDate "2018.??.??"]

1. e4 e5 2. Nf3 Nc6 3. c3 Nf6 4. d3 Bc5 5. h3 a6 6. b4 Ba7 7. Bg5 d6 8. Be2 h6
9. Be3 O-O 10. Qd2 Bxe3 11. Qxe3 Nh7 12. h4 f5 13. Nbd2 fxe4 14. dxe4 Nf6 15.
Bc4+ Kh8 16. Nh2 Ng4 17. Nxg4 Bxg4 18. f3 Bh5 19. g4 Bf7 20. Bxf7 Rxf7 21. Nf1
Qf6 22. Rh3 Qf4 23. Ke2 Qxe3+ 24. Kxe3 Kg8 25. Ng3 Rf4 26. Nh5 Rf7 27. g5 Kf8
28. g6 Re7 29. f4 exf4+ 30. Nxf4 Ne5 31. Nd5 Rd7 32. Rf1+ Kg8 33. h5 Rf8 34.
Rxf8+ Kxf8 35. Rh4 c6 36. Nb6 Re7 37. c4 Re6 38. Rf4+ Rf6 39. a3 Rxf4 40. Kxf4
Ke7 41. c5 dxc5 42. bxc5 Kf6 43. a4 Nd3+ 44. Ke3 Nxc5 45. Nd7+ Kg5 46. Ne5 Kxh5
47. Kd4 Nxa4 48. Nc4 Kxg6 49. e5 b5 50. Ne3 c5+ 51. Kd5 Kf7 52. e6+ Ke8 53. Nf5
c4 54. Nxg7+ Ke7 55. Nf5+ Ke8 56. Kd6 Nb6 57. Ng7+ Kf8 58. e7+ Kxg7 59. e8=Q {
Black resigns} 1-0

[Event "FICS rated blitz game"]
[Site "FICS freechess.org"]
[Date "2018.01.29"]
[Round "?"]
[White "capricornus"]
[Black "drxxx"]
[Result "1-0"]
[WhiteElo "1277"]
[BlackElo "1279"]
[PlyCount "97"]
[EventDate "2018.??.??"]
[EventType "blitz"]

1. e4 e5 2. Nf3 Nc6 3. c3 d6 4. d3 h6 5. Be2 Nge7 6. b4 f5 7. exf5 Bxf5 8. b5
Nb8 9. O-O c6 10. a4 c5 11. c4 Nc8 12. Bb2 b6 13. Nbd2 Be7 14. Ne4 Bxe4 15.
dxe4 Bf6 16. Qc2 O-O 17. h3 a6 18. Nh2 Ne7 19. Ng4 Bg5 20. Bc3 Ng6 21. Bd2 Bxd2
22. Qxd2 Qe7 23. Qd5+ Kh8 24. Qxa8 axb5 25. axb5 Nd7 26. Qa2 Nf4 27. Bf3 h5 28.
Nh2 g6 29. Qd2 g5 30. Ra7 h4 31. Bg4 Rd8 32. Rfa1 Kg7 33. Rb7 Kg6 34. Raa7 Ne6
35. Bf5+ Kf6 36. Ng4+ Kg7 37. Bxe6 Qxe6 38. Qxg5+ Qg6 39. Qxg6+ Kxg6 40. Rxd7
Rxd7 41. Rxd7 Kg5 42. Rxd6 Kf4 43. Rd5 Kxe4 44. Rxe5+ Kd4 45. Re6 Kxc4 46. Rxb6
Kb3 47. Rc6 c4 48. Rxc4 Kxc4 49. b6 {Black resigns} 1-0

[Event "FICS rated blitz game"]
[Site "FICS freechess.org"]
[Date "2018.01.29"]
[Round "?"]
[White "DogoYaro"]
[Black "mordaz"]
[Result "0-1"]
[WhiteElo "1268"]
[BlackElo "1593"]
[PlyCount "92"]
[EventDate "2018.??.??"]
[EventType "blitz"]

1. e4 e5 2. c3 Nc6 3. Nf3 d6 4. h3 Nf6 5. d3 Be7 6. Bg5 h6 7. Bxf6 Bxf6 8. Be2
O-O 9. Nbd2 a6 10. Nc4 b5 11. Ncd2 Be6 12. Qc1 d5 13. O-O d4 14. c4 b4 15. b3
a5 16. a3 Be7 17. a4 Bf6 18. Nh2 Ne7 19. Ndf3 c5 20. Bd1 Ng6 21. Be2 Nf4 22.
Bd1 Nxd3 23. Qd2 Nf4 24. Be2 Qc7 25. Qd1 Rad8 26. Bd3 Be7 27. Qd2 f5 28. exf5
Bxf5 29. Bxf5 Rxf5 30. Rfe1 Bd6 31. Ng4 Re8 32. Re4 Qc6 33. Rae1 Ng6 34. Nxh6+
gxh6 35. Qxh6 Nf4 36. Qg6+ Nxg6 37. Nh4 Nxh4 38. Rxh4 Re7 39. Rg4+ Rg7 40.
Rxg7+ Kxg7 41. f3 d3 42. Rd1 e4 43. fxe4 Qxe4 44. Rf1 Qe3+ 45. Rf2 Qe1+ 46. Rf1
Rxf1# {White checkmated} 0-1

[Event "FICS rated blitz game"]
[Site "FICS freechess.org"]
[Date "2018.01.29"]
[Round "?"]
[White "bakonyi"]
[Black "Gillamenace"]
[Result "0-1"]
[WhiteElo "2011"]
[BlackElo "1894"]
[PlyCount "78"]
[EventDate "2018.??.??"]
[EventType "blitz"]

1. e4 e5 2. Nf3 Nc6 3. c3 d5 4. Qa4 f6 5. exd5 Qxd5 6. Bb5 Nge7 7. O-O Bd7 8.
d4 exd4 9. cxd4 Ne5 10. Bxd7+ Qxd7 11. Qb3 Nxf3+ 12. Qxf3 O-O-O 13. Nc3 Nf5 14.
d5 Bd6 15. Bf4 g5 16. Bxd6 cxd6 17. a4 Kb8 18. Nb5 h5 19. Rfc1 Rc8 20. Rxc8+
Qxc8 21. Qd3 a6 22. Na3 g4 23. Nc4 h4 24. Nb6 Qc7 25. Qxf5 Qxb6 26. Qxf6 Rh7
27. a5 Qc5 28. Qg5 Rc7 29. Qxg4 Qxd5 30. Re1 Qxa5 31. Qxh4 Ka7 32. Qd8 Qc5 33.
Qh4 a5 34. h3 Ka6 35. Qe4 b6 36. g4 Kb5 37. Qe2+ Kc6 38. g5 Qxg5+ 39. Qg4 Qd5
0-1

[Event "FICS rated standard game"]
[Site "FICS freechess.org"]
[Date "2018.01.29"]
[Round "?"]
[White "CarveItUp"]
[Black "Bodrov"]
[Result "1-0"]
[WhiteElo "1739"]
[BlackElo "1732"]
[PlyCount "153"]
[EventDate "2018.??.??"]

1. e4 e5 2. Nf3 Nc6 3. c3 Nf6 4. Qc2 d5 5. exd5 Qxd5 6. d3 Bc5 7. Be3 b6 8. Be2
O-O 9. c4 Qd6 10. a3 a5 11. Nc3 Nd4 12. Bxd4 Bxd4 13. Nb5 Qd7 14. O-O Ba6 15.
Nbxd4 exd4 16. b4 b5 17. c5 a4 18. Qb2 Rad8 19. Rac1 Bb7 20. Ne5 Qd5 21. Bf3
Qxe5 22. Bxb7 Ng4 23. g3 Qh5 24. f4 Ne3 25. Bf3 Qg6 26. Be4 f5 27. Bf3 Nxf1 28.
Rxf1 Rfe8 29. Qd2 Re3 30. Kf2 c6 31. Qd1 Rde8 32. Bh5 Qe6 33. Bxe8 Qxe8 34. Re1
Qe6 35. Rxe3 dxe3+ 36. Kf3 Qb3 37. Qe2 Qxa3 38. Qxe3 h6 39. Qe6+ Kh8 40. Qxf5
Qxb4 41. Qf8+ Kh7 42. Qf5+ Kg8 43. Qe6+ Kf8 44. Qd6+ Kg8 45. Qe6+ Kh8 46. Qe8+
Kh7 47. Qxc6 a3 48. Qd5 Qb2 49. Qf5+ Kh8 50. Qf8+ Kh7 51. Qf5+ Kg8 52. Qe6+ Kf8
53. Qc8+ Ke7 54. Qc7+ Ke6 55. Qd6+ Kf7 56. Qd7+ Kf8 57. c6 a2 58. c7 Qc2 59.
c8=Q+ Qxc8 60. Qxc8+ Ke7 61. Qa6 b4 62. Qxa2 Kd6 63. Qb3 Kc5 64. Ke4 g6 65. d4+
Kb5 66. d5 Kc5 67. Ke5 g5 68. d6 gxf4 69. gxf4 Kc6 70. Ke6 Kc5 71. d7 Kb5 72.
d8=Q h5 73. Qdd5+ Kb6 74. Qxb4+ Kc7 75. Qbc4+ Kb8 76. Qdb5+ Ka7 77. Qca4# {
Black checkmated} 1-0

[Event "FICS rated blitz game"]
[Site "FICS freechess.org"]
[Date "2018.01.29"]
[Round "?"]
[White "bakonyi"]
[Black "Gillamenace"]
[Result "1-0"]
[WhiteElo "2006"]
[BlackElo "1899"]
[PlyCount "123"]
[EventDate "2018.??.??"]
[EventType "blitz"]

1. e4 e5 2. Nf3 Nc6 3. c3 g6 4. d4 Bg7 5. Be3 d6 6. h3 Nf6 7. Bb5 O-O 8. Bxc6
bxc6 9. dxe5 dxe5 10. Qxd8 Rxd8 11. Nxe5 Nxe4 12. Nxc6 Re8 13. O-O Bb7 14. Na5
Ba6 15. Rd1 Rab8 16. Nb3 Bc4 17. Bxa7 Rb7 18. Bd4 Bxb3 19. axb3 Rxb3 20. Bxg7
Kxg7 21. Ra2 Reb8 22. Nd2 Nxd2 23. Rxd2 R8b7 24. Kf1 c5 25. Ke1 c4 26. Kd1 h5
27. Kc2 Kh6 28. Rd5 Re7 29. Kd2 Reb7 30. Rc5 Rxb2+ 31. Rxb2 Rxb2+ 32. Ke3 Kg7
33. Rxc4 Kf6 34. Rc7 Ke6 35. g4 h4 36. Rc4 g5 37. Rc6+ Ke5 38. Rc5+ Kf6 39.
Rf5+ Kg6 40. Kd4 f6 41. c4 Kf7 42. c5 Ke6 43. c6 Rb4+ 44. Kc5 Rb1 45. c7 Kd7
46. Rxf6 Kxc7 47. Kd5 Rb3 48. f3 Rb5+ 49. Ke4 Kd7 50. Rf5 Rb4+ 51. Ke5 Rb3 52.
Kf6 Kd6 53. Kxg5 Ke6 54. Kxh4 Ke7 55. Kg5 Ke6 56. h4 Rb1 57. h5 Rh1 58. Kg6 Ke7
59. h6 Ke6 60. Kg7 Ke7 61. h7 Rxh7+ 62. Kxh7 {Black resigns} 1-0

[Event "FICS rated blitz game"]
[Site "FICS freechess.org"]
[Date "2018.01.29"]
[Round "?"]
[White "bakonyi"]
[Black "Gillamenace"]
[Result "0-1"]
[WhiteElo "2006"]
[BlackElo "1899"]
[PlyCount "44"]
[EventDate "2018.??.??"]
[EventType "blitz"]

1. e4 e5 2. Nf3 Nc6 3. c3 d5 4. Qa4 f6 5. exd5 Qxd5 6. Bb5 Nge7 7. O-O Bd7 8.
d4 exd4 9. cxd4 Ne5 10. Bxd7+ Qxd7 11. Qb3 Nxf3+ 12. Qxf3 O-O-O 13. Be3 Nf5 14.
d5 Qxd5 15. Qh3 Kb8 16. Nc3 Qa5 17. b4 Bxb4 18. Ne4 Qe5 19. Rab1 Qxe4 20. Rxb4
Qxb4 21. Qxf5 Qc4 22. Rb1 Qd3 0-1

[Event "FICS rated blitz game"]
[Site "FICS freechess.org"]
[Date "2018.01.29"]
[Round "?"]
[White "pokernut"]
[Black "sdarjee"]
[Result "0-1"]
[WhiteElo "1208"]
[BlackElo "1287"]
[PlyCount "22"]
[EventDate "2018.??.??"]
[EventType "blitz"]

1. e4 e5 2. Nf3 Nc6 3. c3 d5 4. exd5 Qxd5 5. h3 e4 6. Nh4 g5 7. c4 Qd8 8. Nf3
exf3 9. Qxf3 Nd4 10. Qe3+ Be7 11. b3 Nc2+ {White resigns} 0-1

[Event "FICS rated blitz game"]
[Site "FICS freechess.org"]
[Date "2018.01.29"]
[Round "?"]
[White "Kjosavik"]
[Black "opitza"]
[Result "0-1"]
[WhiteElo "1522"]
[BlackElo "1109"]
[PlyCount "56"]
[EventDate "2018.??.??"]
[EventType "blitz"]

1. e4 e5 2. Nf3 Nc6 3. c3 Nf6 4. d4 exd4 5. e5 Ne4 6. cxd4 Bb4+ 7. Bd2 Be7 8.
Nc3 d5 9. Bb5 Nxc3 10. bxc3 O-O 11. Qb3 Na5 12. Qb2 a6 13. Bd3 h6 14. O-O c5
15. Rab1 cxd4 16. cxd4 f6 17. Bxa5 Qxa5 18. Rfc1 fxe5 19. Nxe5 Bd6 20. Ng6 Rf6
21. Qb6 Bxh2+ 22. Kxh2 Rxb6 23. Ne7+ Kf8 24. Rxb6 Qxb6 25. Nxc8 Qb2 26. Rc7
Qxd4 27. Bg6 Qe5+ 28. g3 Qxc7 {White resigns} 0-1

[Event "FICS rated blitz game"]
[Site "FICS freechess.org"]
[Date "2018.01.29"]
[Round "?"]
[White "SorryYouLose"]
[Black "CHESSOO"]
[Result "0-1"]
[WhiteElo "1338"]
[BlackElo "1459"]
[PlyCount "30"]
[EventDate "2018.??.??"]
[EventType "blitz"]

1. e4 e5 2. Nf3 Nc6 3. c3 Bc5 4. Bc4 Qe7 5. d3 Nf6 6. Bg5 h6 7. Bh4 g5 8. Bg3
d6 9. Bb5 Bd7 10. b4 Bb6 11. O-O a6 12. Bc4 Bg4 13. h3 Be6 14. b5 axb5 15. Bxb5
Nh5 0-1

[Event "FICS rated blitz game"]
[Site "FICS freechess.org"]
[Date "2018.01.29"]
[Round "?"]
[White "HotCarl"]
[Black "PlatinumKnight"]
[Result "1-0"]
[WhiteElo "1503"]
[BlackElo "1317"]
[PlyCount "69"]
[EventDate "2018.??.??"]
[EventType "blitz"]

1. e4 e5 2. Nf3 Nc6 3. c3 Nf6 4. d4 exd4 5. cxd4 Bb4+ 6. Nc3 Nxe4 7. Bd2 Bxc3
8. Bxc3 O-O 9. Bc4 Nxc3 10. bxc3 d5 11. Bd3 Re8+ 12. Be2 Bg4 13. O-O Bh5 14.
Ne5 Bxe2 15. Qxe2 f6 16. Nxc6 Rxe2 17. Nxd8 Rxd8 18. a4 b6 19. Rfc1 Rde8 20. g3
Rb2 21. a5 Ree2 22. Rf1 Rec2 23. axb6 Rxc3 24. Rfe1 cxb6 25. Rxa7 h6 26. Ree7
Rc1+ 27. Kg2 Rcc2 28. Rxg7+ Kf8 29. Rh7 Rxf2+ 30. Kh3 Rxh2+ 31. Kg4 f5+ 32.
Kxf5 Rh5+ 33. Ke6 Re2+ 34. Kd6 Rf5 35. Rh8# {Black checkmated} 1-0

[Event "FICS rated blitz game"]
[Site "FICS freechess.org"]
[Date "2018.01.29"]
[Round "?"]
[White "Benkh"]
[Black "sdarjee"]
[Result "0-1"]
[WhiteElo "954"]
[BlackElo "1276"]
[PlyCount "38"]
[EventDate "2018.??.??"]
[EventType "blitz"]

1. e4 e5 2. Nf3 Nc6 3. c3 d5 4. Bd3 dxe4 5. Bxe4 Bd6 6. b4 a6 7. Bxc6+ bxc6 8.
O-O Nf6 9. h3 O-O 10. Bb2 e4 11. Nd4 Bd7 12. d3 exd3 13. Qxd3 c5 14. Nf3 cxb4
15. a3 bxc3 16. Nxc3 Bxh3 17. gxh3 Bh2+ 18. Kxh2 Qxd3 19. Rad1 Qxf3 {White
resigns} 0-1

[Event "FICS rated blitz game"]
[Site "FICS freechess.org"]
[Date "2018.01.29"]
[Round "?"]
[White "bakonyi"]
[Black "Gillamenace"]
[Result "1-0"]
[WhiteElo "2017"]
[BlackElo "1888"]
[PlyCount "23"]
[EventDate "2018.??.??"]
[EventType "blitz"]

1. e4 e5 2. Nf3 Nc6 3. c3 Nf6 4. d4 exd4 5. e5 Nd5 6. cxd4 Bb4+ 7. Bd2 Bxd2+ 8.
Nbxd2 d6 9. Bb5 Bd7 10. Nc4 a6 11. Bxc6 Bxc6 12. exd6 1-0

[Event "FICS rated blitz game"]
[Site "FICS freechess.org"]
[Date "2018.01.29"]
[Round "?"]
[White "proximab"]
[Black "Kingexecuter"]
[Result "0-1"]
[WhiteElo "2063"]
[BlackElo "1647"]
[PlyCount "98"]
[EventDate "2018.??.??"]
[EventType "blitz"]

1. e4 e5 2. Nf3 Nc6 3. c3 d5 4. Qa4 f6 5. Bb5 Nge7 6. exd5 Qxd5 7. d4 e4 8. Bc4
Qa5 9. Qxa5 Nxa5 10. Nfd2 Nxc4 11. Nxc4 Be6 12. Nbd2 g5 13. Na5 b6 14. Nxe4
bxa5 15. Nxf6+ Kf7 16. Ne4 h6 17. O-O Bf5 18. Re1 Nd5 19. Ng3 Bg6 20. Re5 Re8
21. Rxd5 Re1+ 22. Nf1 Bd3 23. h4 Rxf1+ 24. Kh2 Bd6+ 25. Rxd6 cxd6 26. b3 Re8
27. hxg5 Ree1 28. gxh6 Rxc1 29. Rxc1 Rxc1 30. c4 Rc2 31. Kg3 Rxa2 32. Kf3 Rb2
33. g4 Rxb3 34. c5 dxc5 35. dxc5 Kg6 36. Kf4 Kxh6 37. c6 Ba6 38. c7 a4 39. g5+
Kg6 40. Ke4 a3 41. f4 a2 42. Ke5 a1=Q+ 43. Ke6 Re3+ 44. Kd5 Qa5+ 45. Kd6 Rd3+
46. Ke7 Qc5+ 47. Ke6 Qf5+ 48. Ke7 Rd7+ 49. Ke8 Qf7# {White checkmated} 0-1

[Event "FICS rated lightning game"]
[Site "FICS freechess.org"]
[Date "2018.01.29"]
[Round "?"]
[White "kungzeb"]
[Black "rossoscuro"]
[Result "0-1"]
[WhiteElo "1785"]
[BlackElo "1872"]
[PlyCount "64"]
[EventDate "2018.??.??"]

1. e4 e5 2. Nf3 Nc6 3. c3 d5 4. exd5 Qxd5 5. d4 e4 6. Nfd2 f5 7. Bc4 Qd8 8. Qb3
Nh6 9. O-O Qe7 10. Re1 Bd7 11. Qc2 O-O-O 12. a4 g5 13. a5 Ng4 14. a6 b6 15. Na3
Qg7 16. Nb5 Kb8 17. Bd5 Qh6 18. h3 Nf6 19. Bxc6 Bxc6 20. c4 g4 21. d5 Bxb5 22.
cxb5 gxh3 23. g3 Bc5 24. Nb3 Bxf2+ 25. Kxf2 h2 26. Bxh6 Ng4+ 27. Ke2 Nxh6 28.
Qc6 Kc8 29. Qb7+ Kd7 30. Qc6+ Ke7 31. Nd4 Kf8 32. Qe6 Ng4 0-1

[Event "FICS rated blitz game"]
[Site "FICS freechess.org"]
[Date "2018.01.29"]
[Round "?"]
[White "franguly"]
[Black "PlatinumKnight"]
[Result "1-0"]
[WhiteElo "1377"]
[BlackElo "1309"]
[PlyCount "85"]
[EventDate "2018.??.??"]
[EventType "blitz"]

1. e4 e5 2. Nf3 Nc6 3. c3 Nf6 4. Qc2 Be7 5. d4 exd4 6. cxd4 d6 7. Bd3 O-O 8. e5
dxe5 9. dxe5 Nxe5 10. Nxe5 Qd5 11. O-O Qxe5 12. f4 Qd4+ 13. Kh1 h6 14. Rd1 Qb6
15. Nc3 Ng4 16. Nd5 Qd6 17. Nxc7 Qc5 18. Qxc5 Bxc5 19. Rd2 Rb8 20. b3 Nf2+ 21.
Rxf2 Bxf2 22. Bb2 Be6 23. Be5 Rbd8 24. Be4 Bb6 25. Nxe6 fxe6 26. Bxb7 Rd2 27.
h3 Rfd8 28. Kh2 Rd1 29. Rxd1 Rxd1 30. b4 Bg1+ 31. Kg3 Bd4 32. Bxd4 Rxd4 33. b5
Rb4 34. Bc8 Rxb5 35. Bxe6+ Kh8 36. Kf2 Rb2+ 37. Kg3 a5 38. f5 a4 39. Kh2 a3 40.
Kg3 Rc2 41. Kh2 Rc3 42. Kg1 Rc1+ 43. Kh2 1-0

[Event "FICS rated blitz game"]
[Site "FICS freechess.org"]
[Date "2018.01.29"]
[Round "?"]
[White "gunilla"]
[Black "DiduLudidu"]
[Result "0-1"]
[WhiteElo "1207"]
[BlackElo "1658"]
[PlyCount "66"]
[EventDate "2018.??.??"]
[EventType "blitz"]

1. e4 e5 2. Nf3 Nc6 3. c3 Nf6 4. d4 Nxe4 5. d5 Nb8 6. Nxe5 Bc5 7. Be3 Bxe3 8.
Qf3 O-O 9. Qxe3 d6 10. Qxe4 dxe5 11. Be2 Qg5 12. O-O Nd7 13. Bf3 Nf6 14. Qc4 e4
15. Bxe4 Nxe4 16. Qxe4 Bf5 17. Qe3 Qg6 18. Qg3 Qb6 19. b4 Rad8 20. Qf3 Qg6 21.
c4 Bd3 22. Re1 Bxc4 23. Nc3 Rfe8 24. Rxe8+ Rxe8 25. h3 Qd6 26. Qg3 Qxb4 27. Rc1
Qb2 28. Qf4 Bxa2 29. Na4 Qb5 30. Nc3 Qb2 31. Na4 Qb5 32. Nc3 Qb2 33. Na4 Qa3
0-1

[Event "FICS rated blitz game"]
[Site "FICS freechess.org"]
[Date "2018.01.29"]
[Round "?"]
[White "franguly"]
[Black "KIAUA"]
[Result "0-1"]
[WhiteElo "1367"]
[BlackElo "1352"]
[PlyCount "22"]
[EventDate "2018.??.??"]
[EventType "blitz"]

1. e4 e5 2. Nf3 Nc6 3. c3 Bc5 4. d4 exd4 5. cxd4 Bb4+ 6. Nc3 d6 7. Bd3 Bg4 8.
Be3 Nf6 9. d5 Ne5 10. Qa4+ Nfd7 11. Qxb4 Nxd3+ {White resigns} 0-1

[Event "FICS rated blitz game"]
[Site "FICS freechess.org"]
[Date "2018.01.29"]
[Round "?"]
[White "franguly"]
[Black "KIAUA"]
[Result "1-0"]
[WhiteElo "1351"]
[BlackElo "1368"]
[PlyCount "77"]
[EventDate "2018.??.??"]
[EventType "blitz"]

1. e4 e5 2. Nf3 Nc6 3. c3 Bc5 4. d4 exd4 5. cxd4 Bb4+ 6. Nc3 d5 7. e5 Bg4 8.
Be2 Nge7 9. O-O Bxc3 10. bxc3 O-O 11. Nd2 Bxe2 12. Qxe2 Nf5 13. f4 Qh4 14. Qf3
Nh6 15. Ba3 Rfe8 16. f5 f6 17. e6 Ne7 18. Bxe7 Rxe7 19. Qxd5 c6 20. Qb3 Ng4 21.
Nf3 Qh5 22. c4 Qxf5 23. Ne5 Qh5 24. Nxg4 Qxg4 25. d5 cxd5 26. cxd5 Rd8 27. Rad1
b6 28. d6 Rxe6 29. Rde1 Qd4+ 30. Kh1 Rdxd6 31. Rxe6 Rxe6 32. Qxe6+ Kf8 33. Re1
Qd8 34. h3 g5 35. Rf1 Kg7 36. Re1 Kg6 37. Qe7 Qxe7 38. Rxe7 h5 39. Rxa7 {
Black resigns} 1-0

[Event "FICS rated lightning game"]
[Site "FICS freechess.org"]
[Date "2018.01.29"]
[Round "?"]
[White "Invited"]
[Black "javierrivas"]
[Result "0-1"]
[WhiteElo "1760"]
[BlackElo "1922"]
[PlyCount "60"]
[EventDate "2018.??.??"]

1. e4 e5 2. Nf3 Nc6 3. c3 Bc5 4. d4 exd4 5. cxd4 Bb6 6. Nc3 Nge7 7. d5 Nb8 8.
Bd3 d6 9. h3 O-O 10. O-O Ng6 11. Be3 Nd7 12. a3 Bxe3 13. fxe3 Nde5 14. Nxe5
Nxe5 15. Ne2 Qg5 16. Qd2 Bxh3 17. Nf4 Bd7 18. Kf2 Ng4+ 19. Kg3 Nxe3+ 20. Kh2
Nxf1+ 21. Rxf1 f5 22. g3 fxe4 23. Bxe4 Rae8 24. Qd3 Re5 25. Bxh7+ Kh8 26. Ng6+
Kxh7 27. Nxe5+ Bf5 28. Rxf5 Qxf5 29. Qxf5+ Rxf5 30. Ng4 Rxd5 {White resigns}
0-1

[Event "FICS rated lightning game"]
[Site "FICS freechess.org"]
[Date "2018.01.29"]
[Round "?"]
[White "xandor"]
[Black "Salil"]
[Result "1-0"]
[WhiteElo "1863"]
[BlackElo "1908"]
[PlyCount "53"]
[EventDate "2018.??.??"]

1. e4 e5 2. Nf3 Nc6 3. c3 Nf6 4. d3 d5 5. Be2 dxe4 6. O-O exd3 7. Bxd3 Bg4 8.
Qe2 Bc5 9. h3 Bh5 10. Rd1 Qe7 11. Bc4 O-O 12. Be3 e4 13. Bxc5 Qxc5 14. g4 Nxg4
15. hxg4 Bxg4 16. Qxe4 Qh5 17. Rd3 Kh8 18. Bd5 f5 19. Qf4 Ne7 20. Nh2 Nxd5 21.
Rxd5 Rae8 22. Nd2 Bh3 23. Qg3 Re2 24. Ndf3 Rxb2 25. Rd7 g6 26. Qe5+ Kg8 27.
Qg7# {Black checkmated} 1-0

[Event "FICS rated standard game"]
[Site "FICS freechess.org"]
[Date "2018.01.29"]
[Round "?"]
[White "proximab"]
[Black "GayanovK"]
[Result "0-1"]
[WhiteElo "2146"]
[BlackElo "1822"]
[PlyCount "134"]
[EventDate "2018.??.??"]

1. e4 e5 2. Nf3 Nc6 3. c3 Nf6 4. d4 d6 5. d5 Ne7 6. Bg5 Ng6 7. Bb5+ Bd7 8. Qb3
Be7 9. Bxf6 Bxf6 10. Bxd7+ Qxd7 11. g3 O-O 12. Nbd2 c5 13. a3 b5 14. c4 a6 15.
cxb5 axb5 16. O-O h5 17. Qe3 Qg4 18. Kh1 Be7 19. Qb3 Rab8 20. Ng1 h4 21. Qd1
Qd7 22. gxh4 Nxh4 23. f4 exf4 24. Rxf4 Ng6 25. Rf1 Bf6 26. Ra2 Ne5 27. h3 Nd3
28. Qc2 c4 29. b3 Ne5 30. Qc3 Rbc8 31. Qe3 c3 32. Ndf3 Nxf3 33. Qxf3 c2 34. Ne2
Bg5 35. Nc1 Bd2 36. Qd3 Rc3 37. Qxc3 Bxc3 38. Rf3 Bd2 39. Rxc2 Bxc1 40. Rxc1
Rc8 41. Re1 Rc2 42. b4 Qc7 43. Ref1 f6 44. Rg1 Kh7 45. Rfg3 Rc3 46. Rxg7+ Qxg7
47. Rxg7+ Kxg7 48. Kg1 Rxh3 49. Kf2 Rxa3 50. Ke2 Kg6 51. Kd2 Kg5 52. Kc2 Kf4
53. e5 Kxe5 54. Kd2 Kxd5 55. Kc2 Kc4 56. Kd2 Kxb4 57. Kc2 d5 58. Kd2 d4 59. Ke2
Kc4 60. Ke1 Ra2 61. Kd1 d3 62. Ke1 Kc3 63. Kf1 b4 64. Ke1 b3 65. Kf1 Re2 66.
Kg1 b2 67. Kh1 b1=R# {White checkmated} 0-1

[Event "FICS rated blitz game"]
[Site "FICS freechess.org"]
[Date "2018.01.29"]
[Round "?"]
[White "mdutch"]
[Black "Yaku"]
[Result "1/2-1/2"]
[WhiteElo "1358"]
[BlackElo "1297"]
[PlyCount "149"]
[EventDate "2018.??.??"]
[EventType "blitz"]

1. e4 e5 2. Nf3 Nc6 3. c3 Bc5 4. Bb5 d6 5. Bxc6+ bxc6 6. d4 exd4 7. cxd4 Bb4+
8. Bd2 Bxd2+ 9. Qxd2 Nf6 10. Nc3 O-O 11. O-O Re8 12. Rfe1 Bb7 13. Rad1 Rb8 14.
d5 cxd5 15. Nxd5 Nxd5 16. exd5 Qf6 17. Rxe8+ Rxe8 18. Re1 Rc8 19. Qe3 h6 20.
Qxa7 Qxb2 21. a4 Ra8 22. Qd4 Qxd4 23. Nxd4 Bxd5 24. Ra1 c5 25. Nb5 Bb3 26. Nc3
c4 27. a5 Ra6 28. Nb5 d5 29. Nc7 Ra7 30. Nxd5 Bc2 31. Ne3 Bd3 32. h3 c3 33. Ra3
Rc7 34. a6 Be4 35. a7 Rc8 36. f3 Ba8 37. Nc2 Rc7 38. Kf2 Rd7 39. Rxc3 Rxa7 40.
Nb4 Kh7 41. Ke3 g6 42. Kd4 h5 43. Nc6 Bxc6 44. Rxc6 Ra2 45. g4 Rh2 46. gxh5
gxh5 47. Rf6 Kg7 48. Rf5 Kg6 49. Ke4 Rxh3 50. Rf4 Rh1 51. Ke3 Re1+ 52. Kf2 Rb1
53. Kg3 f6 54. Kh4 Rh1+ 55. Kg3 Rd1 56. Kf2 Kg5 57. Re4 f5 58. Re5 Kf4 59. Rc5
Rd3 60. Rc4+ Kg5 61. Ke2 Rb3 62. Rd4 h4 63. Kf2 Rb2+ 64. Kg1 h3 65. Rd7 Kh4 66.
Rg7 f4 67. Rg4+ Kh5 68. Rxf4 Kg5 69. Rg4+ Kh5 70. Rg7 Kh4 71. f4 h2+ 72. Kh1
Kh3 73. Rh7+ Kg3 74. Rg7+ Kxf4 75. Rg2 1/2-1/2

[Event "FICS rated standard game"]
[Site "FICS freechess.org"]
[Date "2018.01.29"]
[Round "?"]
[White "proximab"]
[Black "raphizzydon"]
[Result "0-1"]
[WhiteElo "2165"]
[BlackElo "1655"]
[PlyCount "126"]
[EventDate "2018.??.??"]

1. e4 e5 2. Nf3 Nc6 3. c3 Nf6 4. d4 d6 5. d5 Ne7 6. Bg5 c6 7. Bxf6 gxf6 8. Qb3
f5 9. dxc6 bxc6 10. Bc4 Bg7 11. Bxf7+ Kf8 12. Bh5 d5 13. Ng5 Ng6 14. Nxh7+ Rxh7
15. Bxg6 Rh8 16. exf5 Qg5 17. O-O Bxf5 18. Qb7 Bxg6 19. Qxa8+ Be8 20. Qxa7 e4
21. Qa3+ Kf7 22. Qa7+ Kg8 23. Qa8 Kf7 24. Qc8 Bf6 25. a3 Qf4 26. h3 Kg7 27. g3
Qd6 28. Qg4+ Kf7 29. Nd2 Bd7 30. Qe2 Rxh3 31. Nb3 Bg5 32. Rad1 Qh6 33. f4 Rxg3+
34. Kf2 Bh4 35. Rb1 Rxc3+ 36. Kg1 Rg3+ 37. Kh1 Bg4 38. Qh2 Rh3 39. Kg1 Rxh2 40.
Kxh2 Be1+ 41. Kg1 Bg3 42. Rf2 Bxf2+ 43. Kxf2 Qh2+ 44. Ke3 Qe2+ 45. Kd4 Qc2 46.
Nd2 Qxd2+ 47. Ke5 e3 48. Rh1 Kg6 49. Rg1 Qxb2+ 50. Kd6 Qxa3+ 51. Ke5 Qc3+ 52.
Kd6 Qf6+ 53. Kc5 Qxf4 54. Kxc6 d4 55. Kd5 d3 56. Re1 e2 57. Ra1 d2 58. Rg1
d1=Q+ 59. Rxd1 exd1=Q+ 60. Kc6 Qfd6+ 61. Kb7 Qb3+ 62. Ka7 Qdb6+ 63. Ka8 Qa3# {
White checkmated} 0-1

[Event "FICS rated blitz game"]
[Site "FICS freechess.org"]
[Date "2018.01.29"]
[Round "?"]
[White "simplexperiences"]
[Black "Lakepawn"]
[Result "0-1"]
[WhiteElo "1388"]
[BlackElo "1271"]
[PlyCount "36"]
[EventDate "2018.??.??"]
[EventType "blitz"]

1. e4 e5 2. Nf3 Nc6 3. c3 d6 4. Be2 Nf6 5. d3 Be7 6. O-O h6 7. Nbd2 a6 8. Re1
Be6 9. d4 exd4 10. cxd4 Bg4 11. d5 Bxf3 12. Bxf3 Ne5 13. Be2 c5 14. Qa4+ Nfd7
15. Nc4 O-O 16. Nxe5 Nxe5 17. Bf4 b5 18. Qd1 Qb6 0-1

[Event "FICS rated standard game"]
[Site "FICS freechess.org"]
[Date "2018.01.29"]
[Round "?"]
[White "louarn"]
[Black "Andinn"]
[Result "1-0"]
[WhiteElo "1380"]
[BlackElo "1277"]
[PlyCount "78"]
[EventDate "2018.??.??"]

1. e4 e5 2. Nf3 Nc6 3. c3 a6 4. d4 exd4 5. cxd4 Be7 6. Bc4 Nf6 7. e5 Bb4+ 8.
Bd2 Ng8 9. d5 Nb8 10. Bxb4 a5 11. Bc3 d6 12. O-O h6 13. Re1 Ne7 14. exd6 cxd6
15. Bxg7 Rg8 16. Bf6 a4 17. Bxe7 Qd7 18. Bxd6+ Kd8 19. Be7+ Kc7 20. Bf6 Rxg2+
21. Kxg2 Qg4+ 22. Kh1 Qxc4 23. d6+ Kb6 24. Na3 Qf4 25. Bd8+ Ka6 26. Qd3+ Ka7
27. Qd4+ Qxd4 28. Nxd4 Bh3 29. Ndb5+ Ka6 30. Nc7+ Ka7 31. Nxa8 Kxa8 32. Re4 f5
33. Rxa4+ Na6 34. Rc1 Ka7 35. d7 f4 36. Be7 Bxd7 37. Rd4 Bb5 38. Nxb5+ Kb6 39.
a4 Ka5 {Black resigns} 1-0